25 artistes selon un tableau - Statistiques

Statistiques générales
  • Ce quiz a été pris 222 fois
  • Le résultat moyen est 12 sur 25
Statistiques - réponses
Par images Réponse % Correct
Dali
91%
Picasso
91%
Devinci
90%
Delacroix
79%
Van Gogh
77%
Botticelli
74%
Warhol
73%
Magritte
65%
Vermeer
64%
Courbet
58%
Raphael
54%
Hokusai
51%
Le Caravage
49%
David
46%
Michel-ange
43%
Cezanne
39%
Renoir
37%
Brueghel l'ancien
23%
Titien
23%
Mucha
21%
Véronèse
21%
Klimt
13%
Rockwell
11%
Boucher
9%
Caillebote
3%
Aucun quiz correspondant
Distribution des résultats
% des personnes avec chaque résultat
Percentile par nombre de réponses
Votre historique - résultats
Vous n’avez pas pris ce quiz